Prénoms filles données en France 1900-2024. #4 - Statistiques

Statistiques générales
  • Ce quiz a été pris 300 fois
    149 depuis la dernière actualisation
  • Le résultat moyen est 30 sur 91
Statistiques - réponses
Hint Réponse % Correct
Z Zoé / Zoey
84%
V Valérie
77%
T Thérèse / Thérèze
74%
T Théa / Téa
73%
V Valentine
73%
V Virginie
73%
T Tiana / Tyana
69%
V Véronique
69%
V Vic
69%
Y Yvette
68%
V Victoria
66%
V Viviane
66%
Y Yvonne
65%
T Tatiana
63%
Y Yasmine
63%
V Valentina
61%
Z Zélie
61%
V Victoire
60%
X Xavière
58%
T Tania
53%
T ThaÏs / Taïs
52%
V Valéria
52%
V Vanessa
52%
W Wendy
52%
Y Yasmina
48%
T Tali
47%
T Tiphaine / Typhaine
47%
Y Yolande
47%
T Talia / Talya / Thalia
45%
U Ursule
44%
V Veronika / Veronica
44%
V Virginia
44%
Z Zélia
42%
Z Zohra /Zora
42%
T Térésa / Téréza
40%
T Tiffany / Tiphanie
39%
V Violette
39%
Y Yaelle / Yaël
39%
T Tess
37%
T Tessa
35%
T Tia
35%
T Tara
34%
U Uma
34%
V Victorine
34%
X Xena
34%
T Thelma / Telma
32%
T Théodora
32%
V Vanille
32%
V Valériane
31%
V Vickie / Vicky
29%
V Véra
27%
V Violaine
27%
Y Yveline
26%
T Tamara
24%
Z Zina
24%
V Vanina
21%
W Wanda
21%
W Willow
18%
Y Yüna / Youna
18%
T Tracy
16%
Y Ysé
16%
Z Zineb
16%
U Uguette
15%
T Tessy
13%
T Timéa
13%
T Tonie
13%
X Xana
13%
Y Yseult
13%
Z Zia
13%
Z Zaïna
11%
Y Yamina
10%
U Umi
8%
Y Yoana
8%
Y Yolaine
8%
Y Youssra / Yousra
8%
Z Zola
8%
U Urielle
6%
Y Yona
6%
T Taylor
5%
T Tesnime
3%
T Trudy
3%
Z Zeyneb
3%
V Venise
2%
V Vida
2%
W Wafa
2%
Y Yelena
2%
Y Yoline
2%
Y Yumi
2%
Y Yvannah
2%
T Talullah
0%
T Tasnïm
0%
Aucun quiz correspondant
Distribution des résultats
% des personnes avec chaque résultat
Percentile par nombre de réponses
Votre historique - résultats
Vous n’avez pas pris ce quiz depuis la dernière actualisation